000 00501cam a2200169 a 4500
001 000007792
005 20200929154312.0
008 721030s1927 fr 001 0 spa d
040 _aDO-SdBNP
_bspa
_cBNPHU
082 _aE864.2
_bM763e
100 1 _aMontalvo, Juan,
_d1832-1889
_916611
245 1 3 _aEl espectador /
_cJuan Montalvo.
260 _aParĂ­s :
_bGarnier Hermanos,
_c1927.
300 _axviii, 318 p. ;
_c20 cm.
650 4 _aEnsayos ecuatorianos
_93909
650 4 _aLiteratura ecuatoriana
_93938
999 _c7570
_d7570